川崎鶴見臨港バスが走る地方自治体名 - Statistics

General Stats
  • This quiz has been taken 5 times
  • The average score is 8 of 11
Answer Stats
路線の営業所 地方自治体名 % Correct
鶴見,神明町,浜川崎 神奈川県横浜市鶴見区
100%
鶴見 神奈川県横浜市神奈川区
100%
鶴見,神明町 神奈川県横浜市港北区
100%
塩浜,神明町,浜川崎 神奈川県川崎市川崎区
100%
鶴見,神明町 神奈川県川崎市幸区
100%
神明町 神奈川県川崎市中原区
100%
塩浜 東京都大田区
75%
塩浜 千葉県木更津市
50%
塩浜 千葉県袖ケ浦市
50%
塩浜 千葉県浦安市
25%
塩浜 神奈川県横浜市西区
25%
No matching quizzes found
Score Distribution
Percent of People with Each Score
Percentile by Number Answered
Your Score History
You have not taken this quiz